000 00576nam a2200205Ia 4500
005 20250508164700.0
008 008 250505s9999 xx 000 0 eng d
020 _a81-7315-284-5
037 _aReference
040 _aFEDL
_beng
_cFEDL
041 _aeng
_2eng
084 _a423.9143, KAP/RR
_qFEDL
100 _aKapoor Badrinath Ed.
245 0 _aAdvanced english-hindi dictionary
260 _aDelhi, India
_bPrabhat Prakashan
_c2007
300 _aix,1488p.
365 _aINR
_b413
942 _cREF
_h423.9143, KAP/RR
999 _c1390521
_d1390521